| Tag |
First Indicator |
Second Indicator |
Subfields |
| LEADER |
00000cas a2200000 a 4500 |
| 001 |
in00000084472 |
| 005 |
20151008061411.0 |
| 008 |
800912c19809999enkgr2 o 0uuua0engmd |
| 010 |
|
|
|a 80649779
|z sn 80002027
|
| 012 |
|
|
|a 2
|b 3
|
| 019 |
|
|
|a 6927058
|
| 022 |
0 |
|
|a 0144-0918
|
| 035 |
|
|
|a (OCoLC)06705104
|
| 035 |
|
|
|9 AAJ7975AM
|
| 037 |
|
|
|b Routledge & Kegan Paul, 9 Park St., Boston, MA 02108
|
| 040 |
|
|
|a NSD
|c NSD
|d DLC
|d NST
|d OCL
|d NST
|d TXA
|d UtOrBLW
|
| 042 |
|
|
|a lc
|a nsdp
|
| 043 |
|
|
|a e-uk---
|
| 049 |
|
|
|a TXAE
|
| 050 |
0 |
0 |
|a HX3
|b .P64
|
| 082 |
0 |
|
|a 335/.00941
|
| 210 |
0 |
|
|a Polit. power
|
| 222 |
|
0 |
|a Politics & power
|
| 245 |
0 |
0 |
|a Politics & power.
|
| 246 |
3 |
|
|a Politics and power
|
| 264 |
|
1 |
|a London ;
|a Boston :
|b Routledge & Kegan Paul,
|c [1980-]
|
| 264 |
|
4 |
|c ©1980-
|
| 300 |
|
|
|a volumes ;
|c 24 cm.
|
| 310 |
|
|
|a Biennial
|
| 336 |
|
|
|a text
|b txt
|2 rdacontent
|
| 337 |
|
|
|a unmediated
|b n
|2 rdamedia
|
| 338 |
|
|
|a volume
|b nc
|2 rdacarrier
|
| 362 |
0 |
|
|a 1 (1980)-
|
| 520 |
|
|
|a New perspectives on socialist politics.
|
| 650 |
|
0 |
|a Socialism
|z Great Britain
|v Periodicals.
|
| 650 |
|
0 |
|a Socialism
|v Periodicals.
|
| 999 |
|
|
|a MARS
|
| 999 |
f |
f |
|s afd3ad35-b507-3d80-980b-0d08ea43bc4d
|i 747d2583-0dec-3a55-b64b-192b41960a61
|t 0
|
| 952 |
f |
f |
|p ric
|a Texas A&M University
|b Rellis Campus
|c Joint Library Facility
|d Remote Storage
|t 0
|e HX3 .P64
|h Library of Congress classification
|i unmediated -- volume
|k no.1
|l 1980
|m A14829764709
|
| 998 |
f |
f |
|a HX3 .P64
|s no.1 (1980)
|t 0
|l Remote Storage
|